000 01240nam a2200349 a 4500
005 20240507122015.0
008 100708t1995||||mx a f |||| 00| 0 spa d
020 _a9682451892
041 _aspa
092 _c616.01
_l52
_sMIC
245 _aMicología Médica.
_bProcedimientos para el diagnóstico de laboratorio /
_cRubén López Martínez.
250 _a1a ed.
260 _aMéxico:
_bTrillas;
_c1995.
300 _a194 p.
_bil.
500 _aLópez Martínez, R. et al. (1995). Micología Médica. Procedimientos para el diagnóstico de laboratorio. (1a ed.). México : Trillas.
653 _aGeneralidades
653 _aToma de productos
653 _aMicosis superficiales
653 _aSeudomicosis superficiales
653 _aMicosis subcutáneas
653 _aMicosis sistemáticas
653 _aMicosis oportunistas
653 _aSeudomicosis profunda
653 _aHongos contaminantes comunes de laboratorio
653 _aProcedimientos de laboratorio
653 _aMedidas de seguridad
700 1 _aLópez Martínez, Rubén
_93785
700 1 _aMéndez Tovar, Luis Javier
_93786
700 1 _aHernández Hernández, Francisca
_93787
700 1 _aCastañón Olivares, Rocío
_93788
942 _2ddc
_cBK
999 _c2203
_d2203